Wettest Major U.S. Cities - Statistics

General Stats
  • This quiz has been taken 127 times
  • The average score is 12 of 16
Answer Stats
Inches City % Correct
61.9 Miami
98%
62.4 New Orleans
94%
46.3 Tampa
91%
50.7 Orlando
89%
49.7 Atlanta
88%
52.4 Jacksonville
85%
49.8 Houston
84%
49.9 New York
83%
53.7 Memphis
71%
47.2 Nashville
71%
53.7 Birmingham
68%
60.6 Baton Rouge
61%
46.0 Raleigh
59%
53.1 Montgomery
51%
46.5 Virginia Beach
34%
46.8 Columbus, GA
32%
No matching quizzes found
Score Distribution
Percent of People with Each Score
Percentile by Number Answered
Your Score History
You have not taken this quiz